Αποκλίνουσα και παραβατική συμπεριφορά των μαθητών στο σχολείο : οι απόψεις των εκπαιδευτικών : νηπιαγωγείο - δημοτικό σχολείο
Saved in:
| Main Author: | |
|---|---|
| Other Authors: | |
| Format: | Book |
| Language: | Greek |
| Published: |
Θεσσαλονίκη :
Κυριακίδης,
2016.
|
| Subjects: | |
| Tags: |
Add Tag
No Tags, Be the first to tag this record!
|
MARC
| LEADER | 00000cam a2200000 a 4500 | ||
|---|---|---|---|
| 001 | 1/110792 | ||
| 008 | 160523s2016####gr | ||| |||| ||gre|| | ||
| 020 | |a 9789605990411 | ||
| 040 | |a GR-MyUa |b gre |c GR-MyUa |e AACR2 | ||
| 041 | 0 | |a gre | |
| 082 | 7 | |a 371.782 |2 (23) | |
| 100 | 1 | |a Θάνος, Θεόδωρος Β. | |
| 245 | 1 | 0 | |a Αποκλίνουσα και παραβατική συμπεριφορά των μαθητών στο σχολείο : |b οι απόψεις των εκπαιδευτικών : νηπιαγωγείο - δημοτικό σχολείο / |c Θεόδωρος Β. Θάνος ; προλογικά-επίμετρο: Γιάννης Πανούσης. |
| 260 | |a Θεσσαλονίκη : |b Κυριακίδης, |c 2016. | ||
| 300 | |a 220 σ. : |b πίν. ; |c 24 εκ. | ||
| 504 | |a Βιβλιογραφία: σ. [119]-127. | ||
| 650 | 0 | |a School violence. | |
| 650 | 0 | |a Abused children |z Greece. | |
| 650 | 0 | |a Teachers |z Greece |x Attitudes. | |
| 650 | 0 | |a School violence |x Prevention. | |
| 650 | 0 | |a Deviant behavior. | |
| 700 | 1 | |a Πανούσης, Γιάννης Απ., |d 1949- |e aui | |
| 852 | |a INST |b LESVOS |c EUDOXUS |e 20180206 |h 371.782 ΘΑΝ |p 005100061010 |q 005100061010 |t EDX |y 0 | ||
| 852 | |a INST |b RHODES |c EUDOXUS |e 20160523 |h 371.782 ΘΑΝ |p 005400038452 |q 005400038452 |t EDX |y 0 | ||
| 920 | |a Εύδοξος |b Παραγγελία |y Λέσβος-ΤΚ |z 2018-01 | ||
| 920 | |a Εύδοξος |b Παραγγελία |y Ρόδος-ΤΕΠΑΕΣ |z 2016-04 | ||
| 970 | |z 23-05-2016 | ||